| 000 | 01083cam a22002651i 4500 | ||
|---|---|---|---|
| 003 | SA-RiAUC | ||
| 005 | 20241107122241.0 | ||
| 008 | 241027s1979 su g 00000dara c | ||
| 040 |
_aSA-JeALM _bara _cSA-RiAUC _erda |
||
| 050 | 4 | _bA39 1979 | |
| 082 | 0 | 4 |
_a258.3 _qSA-RiAUC |
| 090 |
_a258.3 _b ي ا ق |
||
| 245 | 0 | 2 |
_aالياقوت النفيس في مذهب ابن إدريس / _cجمع وتعليق أحمد بن عمر الشاطري. |
| 250 | _aالطبعة الثالثة. | ||
| 264 | 1 |
_aجدة، السعودية : _bدار الشروق، _c1979 |
|
| 300 |
_a256 صفحة ؛ _c24 سم |
||
| 336 |
_aنص _btxt _2rdacontent _3كتاب |
||
| 337 |
_aبدون وسيط _bn _2rdamedia |
||
| 338 |
_aمجلد _bnc _2rdacarrier |
||
| 600 | 1 | 7 |
_aالإمام الشافعي، محمد بن إدريس بن العباس، _d150-204 هجري _xدين _2aucnm |
| 650 | 7 |
_aالفقه الشافعي _2aucsh |
|
| 700 | 1 |
_aالشاطري، أحمد بن عمر، _dتوفي 1360 هجري _eجامع. |
|
| 942 |
_2ddc _cBOOK _n0 |
||
| 949 |
_aSA-JeALM _d241027 _ukhaled123 _n1 |
||
| 999 |
_c2172 _d2172 |
||